000
00269nam a22001217a 4500
008
180220b xxu||||| |||| 00| 0 eng d
041
_a
eng
080
_a
038
100
_a
23
101
_a
ENC
245
_a
Funk& wagnalls new encyclopedia
_c
Bram,L.L
942
_2
udc
_c
BK
999
_c
42936
_d
42936